000 01045nam a2200301Ia 4500
001 Para_6035
003 CHAP
008 220125s1991 xx 000 0 und d
010 _a204790
040 _cCHAP
090 _aPA TESIS 616
100 _aPérez Mejía, Federico Armando
_989841
245 _aControl de calida de la producción masiva de Trichogramma spp (Hym :
_b Trichogrammatidae) y su impacto en la metodología 1992 /
_c15 /
_c por Federico Armando Pérez Mejía
260 _aChapingo, Méx. :
_b el autor
300 _a69 h.
502 _aTesis (Ing. Agr. Esp. en Parasitología Agrícola) -- UACh Departamento Parasitología Agrícola
650 _aCereales
_x plagas
_921450
650 _aSitotroga cerealella
_9106791
650 _aTrichogramma
_9114927
710 _aUACh. Departamento Parasitología Agrícola
_9164025
901 _aPA TESIS 616
902 _aA
905 _a0000001991 0000000000 00
910 _a1991
942 _cPARA
942 _cPARA
_d1
999 _c204790
_d204790